Score 0/13 Timer 04:00
5 Plays Today
Country % Correct
Poland
74.7%
Chile
74.4%
Mali
57.3%
Chad
56.9%
Thailand
56%
Italy
51.9%
Ireland
51.2%
Somalia
50.8%
Haiti
47.8%
Malaysia
43.2%
Iceland
42.4%
Syria
40%
Oman
36.5%

You're not logged in!

Compare scores with friends on all Sporcle quizzes.
OR
Log In

Sporcle TV

Today on Sporcle TV


Watch our educational content, quiz creation guides, and fun videos on Sporcle TV.

Show Comments

Extras

Top Quizzes Today


Score Distribution

Paid Content

Your Account Isn't Verified!

In order to create a playlist on Sporcle, you need to verify the email address you used during registration. Go to your Sporcle Settings to finish the process.

Report this User

Report this user for behavior that violates our Community Guidelines.

Details: